| 000 | 00581nam a2200181Ia 4500 | ||
|---|---|---|---|
| 008 | 240729s9999 xx 000 0 und d | ||
| 022 | _a2633-5409 | ||
| 245 | 0 | _aMaterials Advances | |
| 260 | _aUnited Kingdom | ||
| 260 | _bThe Royal Society of Chemistry | ||
| 650 | _a Chemistry | ||
| 650 | _a Electrical engineering. Electronics. Nuclear engineering | ||
| 650 | _a Materials of engineering and construction. Mechanics of materials | Science | ||
| 650 | _aTechnology | ||
| 856 | _uhttps://doaj.org/toc/996ecc8d2e934456899b874661e1a893 | ||
| 942 | _2ddc | ||
| 942 | _cDOAJEJ | ||
| 999 |
_c67053 _d67053 |
||
| 945 |
_a1 _bMadushi Gamage _c1 _dMadushi Gamage |
||